000 00583nam a2200241Ia 4500
003 OSt
005 20220924153414.0
006 a|||||r|||| 00| 0
007 ta
008 220923b |||||||| |||| 00| 0 mar d
024 _a349838
037 _cTextual
040 _aARTS
_cARTS
_bmar
041 _2mar
_amar
082 _aG, 155N9
100 _aPhondke Bal Au.
_9228722
245 0 _aShareer ek samrangan
260 _c1999
300 _a83p.
_ccm.
650 _aBIOLOGY
_97
942 _hG, 155N9
_cTEXL
_2CC
999 _c473476
_d473476